000 00282nam a2200109Ia 4500
008 200302s9999 xx 000 0 und d
100 _aAlbert O. Halse
245 _aThe Use of Color in Interiors 2nd ed.
260 _bMcgraw-Hill Book Company Inc.,
260 _c1978
300 _a152 P.,
999 _c730
_d730